[Event "Fremont Weibel tt"]
[Site "Fremont"]
[Date "2003.05.30"]
[Round "?"]
[White "Ko, Ryan"]
[Black "Shah, Arnav"]
[Result "1-0"]
[WhiteElo "1431"]
[BlackElo "1395"]
[PlyCount "71"]
[EventDate "2003.05.09"]
[EventType "team"]
[EventRounds "5"]
[EventCountry "USA"]
[SourceTitle "EXT 2009"]
[Source "ChessBase"]
[SourceDate "2008.11.26"]
[SourceVersion "1"]
[SourceVersionDate "2008.11.26"]
[SourceQuality "1"]

1. e4 e5 2. Nf3 Nc6 3. d4 exd4 4. Bc4 Nf6 5. e5 d5 6. Bb5 Ne4 7. Nxd4 Bd7 8. Nxc6 Bxc6 9. Bxc6+ bxc6 10. 0-0 Bc5 11. Qf3 0-0 12. Be3 Bxe3 13. Qxe3 f6 14. f3 Ng5 15. h4 Ne6 16. Nd2 f5 17. Qf2 Qe7 18. f4 Nc5 19. Rfe1 Ne4 20. Nxe4 fxe4 21. g3 Qe6 22. Kg2 Qg4 23. Rf1 Rab8 24. Rab1 Rb6 25. Qc5 Rf7 26. a4 h6 27. a5 Ra6 28. b4 g5 29. f5 gxh4 30. Rb3 h3+ 31. Kh2 Qe2+ 32. Rf2 Qb5 33. e6 Rf8 34. Qe7 d4 35. f6 Qg5 36. b5 1-0

[Event "CalChess-ch"]
[Site "Monterey Park"]
[Date "2002.04.07"]
[Round "6"]
[White "Chien, Andrew"]
[Black "Ko, Ryan"]
[Result "0-1"]
[WhiteElo "1043"]
[BlackElo "1310"]
[PlyCount "142"]
[EventDate "2002.??.??"]
[EventType "swiss"]
[EventRounds "6"]
[EventCountry "USA"]
[SourceTitle "EXT 2007"]
[Source "ChessBase"]
[SourceDate "2006.11.23"]
[SourceVersion "1"]
[SourceVersionDate "2006.11.23"]
[SourceQuality "1"]

1. e4 e5 2. Nf3 d5 3. exd5 Bd6 4. Nc3 Nf6 5. d4 e4 6. Qe2 0-0 7. Bg5 exf3 8. gxf3 Re8 9. Ne4 Bd7 10. Qd2 c6 11. 0-0-0 Be7 12. Rg1 Nxe4 13. fxe4 Bxg5 14. Qxg5 Qxg5+ 15. Rxg5 cxd5 16. exd5 h6 17. Rg3 Bf5 18. Bd3 Bxd3 19. Rgxd3 Na6 20. c3 Rac8 21. d6 Red8 22. b4 Nxb4 23. R3d2 Rxd6 24. Kb2 Nc6 25. Rc1 Ne5 26. Kb3 Nf3 27. Rd3 Nxh2 28. f3 Rf6 29. Kc2 Nxf3 30. d5 Ne5 31. Rd2 Rd6 32. Kb3 Nc6 33. c4 Ne7 34. Kb4 Nxd5+ 35. Kb3 Rb6+ 36. Ka3 Kf8 37. Rxd5 Ke7 38. Re1+ Re6 39. Red1 Rxc4 40. Rd7+ Kf6 41. Rxb7 Rcc6 42. Rxa7 Ra6+ 43. Rxa6 Rxa6+ 44. Kb2 g5 45. Rf1+ Kg6 46. Kc2 Rxa2+ 47. Kd3 f5 48. Ke3 Ra4 49. Kf3 Rf4+ 50. Kg2 Rxf1 51. Kxf1 Kh5 52. Kg2 Kg4 53. Kg1 Kg3 54. Kh1 Kf2 55. Kh2 f4 56. Kh3 Kg1 57. Kg4 h5+ 58. Kxg5 f3 59. Kxh5 f2 60. Kg5 f1Q 61. Kg4 Qf2 62. Kg5 Qf3 63. Kg6 Qf4 64. Kg7 Qf5 65. Kh6 Qg4 66. Kh7 Kf2 67. Kh8 Kf3 68. Kh7 Kf4 69. Kh6 Kf5 70. Kh7 Kf6 71. Kh8 Qg7# 0-1

[Event "CalChess-ch"]
[Site "Monterey Park"]
[Date "2002.04.06"]
[Round "3"]
[White "Ko, Ryan"]
[Black "Krubnik, Ewelina"]
[Result "0-1"]
[WhiteElo "1310"]
[BlackElo "1539"]
[PlyCount "60"]
[EventDate "2002.??.??"]
[EventType "swiss"]
[EventRounds "6"]
[EventCountry "USA"]
[SourceTitle "EXT 2007"]
[Source "ChessBase"]
[SourceDate "2006.11.23"]
[SourceVersion "1"]
[SourceVersionDate "2006.11.23"]
[SourceQuality "1"]

1. e4 e5 2. d4 exd4 3. c3 dxc3 4. Bc4 cxb2 5. Bxb2 d5 6. Bxd5 Bb4+ 7. Nc3 Bxc3+ 8. Bxc3 Nf6 9. Qb3 Nxd5 10. Rd1 0-0 11. Qxd5 Qxd5 12. Rxd5 Nc6 13. Nf3 a6 14. 0-0 Be6 15. Rd2 Rad8 16. Rb1 Rxd2 17. Bxd2 b5 18. Rc1 Bd7 19. g3 Re8 20. e5 h6 21. h4 Nxe5 22. Nxe5 Rxe5 23. Bf4 Re2 24. Rxc7 Be6 25. Ra7 Rxa2 26. Bd6 a5 27. Kf1 b4 28. Bxb4 axb4 29. Rxa2 Bxa2 30. Ke2 b3 0-1

[Event "CalChess-ch"]
[Site "Monterey Park"]
[Date "2002.04.06"]
[Round "1"]
[White "Ko, Ryan"]
[Black "Tapa, Nicholas"]
[Result "1-0"]
[WhiteElo "1310"]
[BlackElo "997"]
[PlyCount "67"]
[EventDate "2002.??.??"]
[EventType "swiss"]
[EventRounds "6"]
[EventCountry "USA"]
[SourceTitle "EXT 2007"]
[Source "ChessBase"]
[SourceDate "2006.11.23"]
[SourceVersion "1"]
[SourceVersionDate "2006.11.23"]
[SourceQuality "1"]

1. e4 e6 2. d4 d5 3. Nc3 c5 4. Nf3 Nc6 5. Bb5 Qb6 6. Bxc6+ bxc6 7. 0-0 cxd4 8. Qxd4 Qxd4 9. Nxd4 c5 10. Ndb5 Rb8 11. exd5 exd5 12. Nxd5 a6 13. Bf4 Rxb5 14. Nc7+ Kd8 15. Rfd1+ Bd7 16. Nxb5 axb5 17. a4 b4 18. a5 g5 19. a6 Kc8 20. Rxd7 Kxd7 21. a7 gxf4 22. a8Q Nf6 23. Qb7+ Ke6 24. Re1+ Kf5 25. Qc8+ Kg6 26. Re5 Bd6 27. Qf5+ Kg7 28. Qg5+ Kf8 29. Qxf6 Bxe5 30. Qxe5 Rg8 31. Qxc5+ Ke8 32. Qxb4 Rg6 33. g3 f3 34. Qe4+ 1-0

[Event "Fremont Weibel Qualifier"]
[Site "Fremont"]
[Date "2001.01.27"]
[Round "3"]
[White "Ko, Ryan"]
[Black "Anonuevo, Kimberly"]
[Result "1/2-1/2"]
[WhiteElo "1012"]
[BlackElo "777"]
[PlyCount "48"]
[EventDate "2001.01.27"]
[EventType "swiss"]
[EventRounds "5"]
[EventCountry "USA"]
[SourceTitle "EXT 2009"]
[Source "ChessBase"]
[SourceDate "2008.11.26"]
[SourceVersion "1"]
[SourceVersionDate "2008.11.26"]
[SourceQuality "1"]

1. e4 e5 2. d4 exd4 3. c3 d5 4. exd5 Qxd5 5. cxd4 Nc6 6. Nf3 Nf6 7. Nc3 Bb4 8. Bd2 Bxc3 9. Bxc3 0-0 10. Bd3 Bg4 11. 0-0 Bxf3 12. Qxf3 Qxf3 13. gxf3 Rad8 14. Rfe1 Nxd4 15. Bxd4 Rxd4 16. Rad1 Rdd8 17. Re7 Rd7 18. Rxd7 Nxd7 19. Bxh7+ Kxh7 20. Rxd7 c5 21. Rxb7 f6 22. Rxa7 Rd8 23. b3 Rd3 24. Kg2 Kh6 1/2-1/2

[Event "Fremont Weibel Qualifier"]
[Site "Fremont"]
[Date "2001.01.27"]
[Round "1"]
[White "Ko, Ryan"]
[Black "Hwa, Kevin"]
[Result "1-0"]
[WhiteElo "1012"]
[BlackElo "846"]
[PlyCount "71"]
[EventDate "2001.01.27"]
[EventType "swiss"]
[EventRounds "5"]
[EventCountry "USA"]
[SourceTitle "EXT 2009"]
[Source "ChessBase"]
[SourceDate "2008.11.26"]
[SourceVersion "1"]
[SourceVersionDate "2008.11.26"]
[SourceQuality "1"]

1. e4 e5 2. d4 exd4 3. c3 d5 4. exd5 dxc3 5. Nxc3 Nf6 6. Nf3 Bc5 7. Bc4 0-0 8. 0-0 Re8 9. Bg5 h6 10. Bf4 Bf5 11. Bb5 c6 12. dxc6 bxc6 13. Qxd8 Rxd8 14. Bc4 Nd5 15. Nxd5 cxd5 16. Rad1 d4 17. Rfe1 Nc6 18. Ne5 Nxe5 19. Rxe5 Bd6 20. Rxf5 g6 21. Rxf7 Kh8 22. Rxd4 Bxf4 23. Rfxf4 Rxd4 24. Rxd4 Rc8 25. f4 Kg7 26. g4 Kf6 27. h4 g5 28. Rd6+ Ke7 29. Re6+ Kd7 30. Re4 gxh4 31. Be6+ Kc7 32. Bxc8 Kxc8 33. Re7 a5 34. f5 Kd8 35. f6 h3 36. Kh2 1-0